000
00228nam a2200097Ia 4500
008
190216s9999||||xx |||||||||||||| ||und||
100
_a
Bethu Bag
245
4
_a
The Principles And Practice Of Auditing
260
_b
Null
942
_c
BK
999
_c
3915
_d
3915